Ausländische Investitionen in Ungarn

Saved in:
Bibliographic Details
Format: Book
Language:German
Published: Budapest Láng B.r.
Edition:1. Aufl.
Tags: Add Tag
No Tags, Be the first to tag this record!

MARC

LEADER 00000nam a2200000 4500
001 c040439
005 20250704074910.2
041 0 |a ger 
044 |a HU 
245 1 0 |a Ausländische Investitionen in Ungarn  |c Edit. Tamás Sárközy 
250 |a 1. Aufl. 
264 1 |a Budapest  |b Láng  |c B.r. 
300 |a 255 s.